000 00297nam a22001217a 4500
008 181019b xxu||||| |||| 00| 0 eng d
041 _aeng
080 _22nd
_a617
100 _a8
101 _aORT
245 _aThe Orthopaedic Management of Spina Bifida Cystica
_cMenelaus,M.B
942 _2udc
_cBK
999 _c50224
_d50224